El antigalicismo o sea Libro de lectura francesa, graduada y anotada, con el fin de evitar galicismos en la versión española / (Registro nro. 48975)

Detalles MARC
000 -LEADER
campo de control de longitud fija 00535nam a2200157 i 4500
001 - NÚMERO DE CONTROL
campo de control 48975
003 - IDENTIFICADOR DE NÚMERO DE CONTROL
campo de control ES-MaACL
007 - CAMPO FIJO DE DESCRIPCIÓN FÍSICA--INFORMACIÓN GENERAL
campo de control de longitud fija t|
008 - DATOS DE LONGITUD FIJA--INFORMACIÓN GENERAL
campo de control de longitud fija 030703s1865 sp ||||1| spa d
100 1# - ENTRADA PRINCIPAL--NOMBRE DE PERSONA
Nombre de persona Cornellas, Clemente.
9 (RLIN) 40626
245 13 - MENCIÓN DEL TÍTULO
Título El antigalicismo o sea Libro de lectura francesa, graduada y anotada, con el fin de evitar galicismos en la versión española /
Mención de responsabilidad, etc. Clemente Cornellas.
260 ## - PUBLICACIÓN, DISTRIBUCIÓN, ETC.
Lugar de publicación, distribución, etc. Madrid :
Nombre del editor, distribuidor, etc. Publicidad,
Fecha de publicación, distribución, etc. 1865.
300 ## - DESCRIPCIÓN FÍSICA
Extensión VIII, 401 p. ;
Dimensiones 18 cm.
740 0# - ENTRADA AGREGADA--TÍTULO RELACIONADO/ANALÍTICO NO CONTROLADO
Título relacionado o analítico no controlado Libro de lectura francesa.
852 ## - LOCALIZACIÓN
Ubicación ES-MaACL
Número de control de estantería C-968
Existencias
Estatus retirado Estado de pérdida Estado de daño No para préstamo Colección Biblioteca de origen Biblioteca actual Ubicación en estantería Fecha de adquisición Fuente de adquisición Total de préstamos Signatura topográfica completa Código de barras Visto por última vez Precio de reemplazo Tipo de ítem Koha
        Libros del s. XIX Biblioteca del Ateneo de Madrid Biblioteca del Ateneo de Madrid Sala Palomar 17/01/2008     C-968 1051541 23/02/2023 23/02/2023 Libro impreso antiguo